000 00586nam#a22002175a#4500
001 719
008 080708s2007####ag#a###g######000#jdspa#d
245 1 3 _aLa metamorfosis /
_cFranz Kafka.
250 _a1ª ed.
260 _aBuenos Aires :
_bMinisterio de Educación, Ciencia y Tecnología de la Nación,
_c[2007?]
300 _a34 p. :
_bil. ;
_c31 cm.
490 0 _aLibros ilustrados
100 1 _aKafka, Franz.
080 _a82.311
084 _aL12
653 _aLiteratura vanguardista
040 _aAR-ClEAG
_cAR-ClEAG
005 20241107184644.0
003 AR-ClEAG
942 _cBK
999 _c719
_d719
980 _62
_aEvangelina Gallicchio
_82
_gEvangelina Gallicchio